00000000nam 22000008a 4500
0019.834780
003CaOODSP
00520221107150519
007cr |||||||||||
008170404s2017    quc     o    f00| 0 fre d
020 |a978-0-660-08206-6
040 |aCaOODSP|bfre
043 |an-cn---
0861 |aCW66-557/2017F-PDF
24500|aRenforcer la capacité de protection des espèces en péril sur les terres de la réserve du Lower Similkameen |h[ressource électronique].
260 |a[Gatineau, Québec] : |bEnvironnement et Changement climatique Canada, |c[2017].
300 |a[1] p.
500 |aPubl. aussi en anglais sous le titre : Building capacity for species at risk protection on Lower Similkameen Reserve Lands.
500 |aTitre de départ.
500 |a« Fonds autochtones pour les espèces en péril - Volet des espèces en péril. »
69207|2gccst|aEspèce menacée
69207|2gccst|aConservation de la nature
69207|2gccst|aHabitat
7102 |aService canadien de la faune.
77508|tBuilding capacity for species at risk protection on Lower Similkameen Reserve Lands |w(CaOODSP)9.834779
85640|qPDF|s338 Ko|uhttps://publications.gc.ca/collections/collection_2017/eccc/CW66-557-2017-fra.pdf